|
|
|
|
| LEADER |
00000cam a2200000 i 4500 |
| 003 |
Ucuenca |
| 005 |
20231110062711.0 |
| 006 |
a||||gr|||| 000 p |
| 007 |
ta |
| 008 |
000000t1984 ec aaaagr|||| 000|p|spa a|| |
| 999 |
|
|
|c 73818
|d 73818
|
| 040 |
|
|
|a UCuenca-cdrjbv
|b spa
|c UCuenca
|e rda
|
| 041 |
0 |
|
|a spa
|
| 082 |
0 |
|
|2 21
|a E861.4
|c 63435-2
|
| 100 |
1 |
|
|a Dávila Andrade, Cesar.
|d 1918-1967
|e autor
|9 5272
|
| 245 |
|
|
|a Relato.
|p Obras completas,
|n II,
|c César Dávila Andrade /
|
| 250 |
|
|
|a Primera edición.
|
| 264 |
|
1 |
|a Cuenca:
|b Pontificia Universidad Católica del Ecuador,
|c 1984.
|
| 264 |
|
4 |
|c ©1984
|
| 300 |
|
|
|a 564 páginas:
|c 26 cm
|b ilu
|
| 336 |
|
|
|2 rdacontent
|a texto
|b txt
|
| 337 |
|
|
|2 rdamedia
|a no mediado
|b n
|
| 338 |
|
|
|2 rdacarrier
|a volumen
|b nc
|
| 504 |
|
|
|a incl. ref.
|
| 650 |
1 |
0 |
|a Literatura ecuatoriana
|9 307
|
| 650 |
1 |
0 |
|a Relato ecuatoriano
|9 466
|
| 852 |
|
|
|a UC-CDJBV
|f Donación
|l 1
|m General
|p 00000000
|r 8
|t 63435-2
|b 0
|d CDRC
|e CDRC
|g E861.4 TERCER PISO
|z 0000-00-00
|
| 852 |
|
|
|a UC-CDJBV
|f Donación
|l 2
|m General
|p 20160303
|q 5.00
|r 8
|t si11525
|b 0
|d CDRC
|e CDRC
|g E861.4 ESTANTERIA CERRADA
|z 2016-60-30
|
| 856 |
|
|
|a http://sibuc.ucuenca.edu.ec/portada/si11525-cdj.jpg
|
| 942 |
|
|
|c BK
|0 2
|2 ddc
|z teodoro.astudillo@ucuenca.edu.ec
|r ivan.verdugo@ucuenca.edu.ec
|